Statistics for Montreal Trudeau (YUL) Airport destinations

Click here to take the quiz!

General Stats

  • This quiz has been taken 17 times
    (4 since last reset)
  • The average score is 83 of 156

Answer Stats

HintAnswer% Correct
Swiss InternationalZurich
100%
Air Canada ExpressLondon (ON)
100%
Air Canada Express, PorterToronto (Billy Bishop)
100%
Air Canada, WestJetEdmonton
100%
Air Canada Rouge, Air TransatFort Lauderdale
100%
Air Canada RougeFort Myers
100%
Air Canada, LufthansaFrankfurt
100%
Air CanadaGeneva
100%
Air China, Air TransatHavana
100%
Air Canada Rouge, Air Transat, OWGHolguin
100%
Air Canada RougeTampa
100%
Air Canada RougeLas Vegas
100%
Air TransatLondon (Gatwick)
100%
Air Canada, British AirwaysLondon (Heathrow)
100%
Air CanadaLos Angeles
100%
Air Canada, Air Canada Express, Air Transat, WestJet, WestJet EncoreToronto (Pearson)
100%
Air TransatMadrid
100%
Aeromexico, Air Canada RougeMexico City
100%
Air Canada Express, AmericanMiami
100%
Air CanadaSan Francisco
100%
Air Canada Express, Air Canada Rouge, Air Transat, PALQuebec City
100%
Air Canada Express, United ExpressNewark
100%
American Eagle, Delta ConnectionNew York (John F. Kennedy)
100%
Air Canada, Air Canada Express, American Eagle, Delta ConnectionNew York (LaGuardia)
100%
Air Canada, Air Canada ExpressOttawa
100%
Air Canada, Air Transat, Air FranceParis (Charles de Gaulle
100%
CorsairParis (Orly)
100%
Air Canada Express, American EaglePhiladelphia
100%
Air CanadaPuerto Vallarta
100%
Air Canada Express, American, American EagleDallas (Fort Worth)
100%
Air Canada ExpressHouston (Intercontinental)
100%
Air Canada RougeCozumel
100%
American EagleCharlotte
100%
KLMAmsterdam
100%
Delta, Delta ConnectionAtlanta
100%
Air Canada, Air Canada ExpressWinnipeg
100%
Air Canada, Air TransatBarcelona
100%
Air ChinaBeijing (Capital)
100%
Air TransatCopenhagen
100%
Air Canada Rouge, Air Transat, SunwingCancun
100%
Air Canada, Royal Air MarocCasablanca
100%
Air Canada, WestJetCalgary
100%
Air Canada, Air TransatVancouver
100%
Air Canada Express, American Eagle, United ExpressChicago (O'Hare)
100%
Air Canada Rouge, Air TransatMarseille
67%
Air Canada, Air TransatOrlando
67%
Air Canada, Air Transat, Brussels AirlinesBrussels
67%
Air Canada ExpressBoston
67%
Air Canada, Air TransatSan Juan
67%
Air Transat, OWGVaradero
67%
Air Canada, Air TransatNice
67%
Air Canada Express, United ExpressWashington (Dulles)
67%
Air CanadaDenver
67%
Air CanadaDublin
67%
Delta ConnectionMinneapolis/St. Paul
67%
Air Canada ExpressWashington (National)
67%
Air TransatSan Diego
67%
Delta ConnectionDetroit
67%
Air Canada, Air TransatRome (Fiumicino)
67%
LufthansaMunich
67%
Air Canada Rouge, IcelandairReykjavik (Keflavik)
67%
Air Canada, Air Transat, TAP Air PortugalLisbon
67%
Air TransatCamaguey
67%
QatarDoha
67%
Air Canada ExpressPittsburgh
67%
Air Canada Rouge, Air TransatPuerto Plata
67%
Air Canada, Air Canada Express, Porter, WestJet EncoreHalifax
67%
Air CanadaTokyo (Narita)
67%
Air TransatToulouse
67%
Air Canada RougeVictoria
67%
Air TransatPorto
67%
Air Algerie, Air Canada,Algiers
67%
Air Canada Express, Air Inuit, PALSept-Iles
67%
Air TransatLa Romana
67%
Air Canada Rouge, Air Transat, Air Inuit SunwingPunta Cana
67%
Royal JordanianAmman
67%
Air Canada Express, Air Canada Rouge, PorterSt. John's
67%
Air CanadaShanghai (Pudong)
67%
Air TransatSanto Domingo
67%
CopaPanama City (Tocumen)
67%
Air Canada ExpressBaltimore
67%
TunisairTunis
33%
PorterWindsor
33%
PALWabush
33%
Air CanadaWest Palm Beach
33%
Air Canada ExpressRaleigh/Durham
33%
Air Canada ExpressRouyn-Noranda
33%
Air Canada, Air TransatSan Jose (CR)
33%
AustrianVienna
33%
Air TransatSan Salvador
33%
Air Canada RougeSan Salvador (Bahamas)
33%
Air Canada Rouge, Air Transat, OWGSanta Clara
33%
Air CanadaSao Paulo (Guarulhos)
33%
Air TransatSt. Maarten
33%
Air Saint-PierreSaint-Pierre
33%
Air CreebecVal-d'Or
33%
Air CanadaTel Aviv
33%
Air Canada Rouge,Air TransatVenice
33%
Air TransatPrague
33%
PALMont-Joli
33%
Air Canada ExpressHartford
33%
Air Canada Express, Air Canada Rouge, Air TransatBordeaux
33%
Air Canada ExpressIles-de-la-Madeleine
33%
Canadian NorthIqaluit
33%
TurkishIstanbul
33%
Air Canada RougeIxtapa/Zihuatanejo
33%
Air Canada Express, Air Canada RougeCharlottetown
33%
Air Canada Rouge, Air Transat, OWGCayo Coco
33%
Air InuitLa Grande
33%
Air Canada Rouge, Air TransatLiberia (CR)
33%
Air Canada, Air TransatLyon
33%
Air TransatMalaga
33%
Air Canada, Air TransatFort-de-France
33%
Air Canada ExpressMoncton
33%
Air TransatCartagena
33%
Air CanadaBogota
33%
Air CanadaBarbados
33%
Azores AirlinesPonta Delgada
33%
Air Canada, Air TransatPointe-a-Pitre
33%
Air Canada RougePhoenix
33%
Air Canada, Air TransatAthens
33%
Air Canada Express, PALBagotville
33%
Air CanadaNassau
33%
Air TransatNantes
33%
PorterMont Tremblant
33%
Air TransatCayo Largo del Sur
0%
Air CanadaCairo
0%
Air CreebecChibbougamau
0%
Air CreebecWemindji
0%
Air InuitUmiujaq
0%
Air CreebecWaskaganish
0%
Air CreebecChisasaibi
0%
Air CanadaCuracao
0%
Air TransatBasel/Mulhouse
0%
Air CreebecEastmain
0%
Air TransatPort-au-Prince
0%
Air InuitIvujivik
0%
PorterThunder Bay
0%
Air Canada Rouge, Air TransatSamama
0%
Air InuitPuvirnituq
0%
Air InuitQuaqtaq
0%
Air CreebecNemaska
0%
Air TransatRio Hato
0%
Air TransatRoatan
0%
Air InuitAkulivik
0%
Air InuitSalluit
0%
Air Transat, Sunwing AirlinesMontego Bay
0%
Air InuitInukjuak
0%
Air InuitSanikiluaq
0%
Air Creebec, Air InuitKuujjuarapik
0%
Air Inuit, Canadian NorthKuujjuaq
0%
Air InuitKangirsuk
0%
Air InuitKangiqsujuaq
0%
Air Canada RougeProvidenciales
0%
Air InuitSchefferville
0%
Air TransatAcapulco
0%

Score Distribution

Percentile by Number Answered

Percent of People with Each Score

Your Score History

You have not taken this quiz since the last reset